Vyšetrovanie strát vo vodičoch elektrického prúdu pri neharmonickom napájaní v aplikácii na asynchrónne motory : Kand.diz.práca : V.odb. 26-02-9 : Obh. 19.09.1985 /
Guardado en:
| Autor principal: | |
|---|---|
| Otros Autores: | |
| Formato: | Manuscrito Libro |
| Publicado: |
Žilina :
Vysoká škola dopravy a spojov,
1984
|
| Materias: | |
| Etiquetas: |
Sin Etiquetas, Sea el primero en etiquetar este registro!
|
MARC
| LEADER | 00000ntm a22000003a 4500 | ||
|---|---|---|---|
| 001 | stu4474 | ||
| 005 | 20150617225810.5 | ||
| 008 | ------s1984----------------------------d | ||
| 040 | |a STU |b slo | ||
| 041 | 0 | ||
| 100 | 1 | |a Hrabovcová, Valéria |4 aut | |
| 245 | 1 | |a Vyšetrovanie strát vo vodičoch elektrického prúdu pri neharmonickom napájaní v aplikácii na asynchrónne motory : |b Kand.diz.práca : V.odb. 26-02-9 : Obh. 19.09.1985 / |c [aut.] Hrabovcová,Valéria, Ing.; Škol. Gerát,Pavol | |
| 260 | |a Žilina : |b Vysoká škola dopravy a spojov, |c 1984 | ||
| 300 | |a 132 s : |b príl + |c Autoref.1984, 23 s | ||
| 650 | 7 | |a elektrické stroje a prístroje |2 stusub | |
| 650 | 7 | |a polovodičové meniče |2 stusub | |
| 650 | 7 | |a regulované pohony |2 stusub | |
| 700 | 1 | |a Gerát, Pavol |4 ths | |
| 996 | |b 284ED00355 |c E*KDIZ-471 |l EE01 |s A |a 24 |w stu4474_0001 | ||